000 00374cam a2200157ua 4500
041 _aeng
_h
082 _a828.09
_bMUI/ST
100 _aMuir, Edwin .
245 _aStructure of the novel /
_cEdwin muir.
_hTextual Documents
250 _a1 /
_b.
260 _aLondon :
_bHogarath press ,
_c1963.
300 _a151 ; .
504 _a
942 _cBK
999 _c4057
_d4057